=LDR 00000nam 2200000 4500 =001 INLIS000000000009840 =005 20130612101619 =008 ***********************************Ind** =035 ##$$0010-061300000009840 =041 ##$$a Ind =082 ##$$a 005.365 =090 ##$$a 005.365, Per p =100 ##$$a Permadi, Untung =245 ##$$a Pemograman ASP.NET menggunakan UB, Untung Permadi,ST =260 ##$$a 2002 $b Jakarta =300 ##$$a xii, 186 hlm., 21 cm =650 ##$$a ASP =650 ##$$a NET =650 ##$$a Program komputer =850 ##$$a NBPNMAT =990 ##$$a 0001/BPAP-NTB/2016